000 00691cam a22002293a 4500
001 33970
003 PGUSA
005 20140828083732.0
008 100923s2010||||xxu|||||s|||||000 | eng d
040 _aPGUSA
_beng
042 _adc
100 1 _aMurfree, Mary Noailles,
_d1850-1922
245 1 4 _aThe Raid of The Guerilla and other stories
_h[electronic resource] /
_cMary Noailles Murfree
260 _bProject Gutenberg,
_c2010
506 _aPublic domain in the USA.
516 _aElectronic text
700 1 _aDunton, W. Herbert,
_d1878-1936
700 1 _aSchutler, Remington
830 0 _aProject Gutenberg
_v33970
856 4 0 _uhttp://www.gutenberg.org/ebooks/33970
942 _cEB
999 _c263225
_d263225